Statistics for Regions of Italy Map Quiz

Click here to take the quiz!

General Stats

  • This quiz has been taken 58,037 times
  • The average score is 10 of 20

Answer Stats

Answer % Correct
Sicily
95%
Sardinia
92%
Tuscany
71%
Lazio
57%
Lombardy
55%
Trentino-South Tyrol
54%
Veneto
54%
Piedmont
53%
Calabria
52%
Friuli-Venezia Giulia
47%
Liguria
47%
Aosta Valley
46%
Emilia-Romagna
44%
Umbria
40%
Campania
40%
Apulia
39%
Basilicata
34%
Marche
32%
Abruzzo
30%
Molise
29%

Score Distribution

Percentile by Number Answered

Percent of People with Each Score

Your Score History

You have not taken this quiz